000 00648cam a2200205 4500500
005 20260405002532.0
041 _afre
042 _adc
100 1 0 _aPortevin, Catherine
_eauthor
245 0 0 _aMétamorphoses de l’intelligence : Que faire de leur cerveau bleu ?
260 _c2017.
500 _a27
690 _aCatherine Malabou
690 _aCorps
690 _aÉducation
690 _aEsprit
690 _aJean-Gabriel Ganascia
786 0 _nPhilosophie magazine | 112 | 9 | 2017-09-01 | p. 54-54 | 1951-1787
856 4 1 _uhttps://shs.cairn.info/magazine-philosophie-magazine-2017-9-page-54?lang=fr&redirect-ssocas=7080
999 _c2058627
_d2058627